01911cam a2200277Ii 4500001001300000003000900013005001700022008004100039015001400080020001800094020001500112035002100127040004400148041000800192100003000200245008400230260004200314300003700356505030900393520076300702546002201465650005801487650002901545650002901574650003001603ocn968290124Co-BoUCM20211105120851.0180419s2016 onca b 001 0 eng d aGBB606129 a9780199018963 a0199018960 a(OCoLC)968290124 aCo-BoUCMbspacSaul NiñodSaul Niño0 aeng1 aPaquin, Stéphaned1973-10aTheories of international political economyban introductioncStéphane Paquin aCanadabOxford University Pressc2016 axi, 227 páginasbilustraciones0 aIntroduction -- 1. The invention of IPE -- 2. Theorizing international political economy -- 3. The realist perspective in IPE -- 4. The liberal perspective -- 5. Domestic and open economy politics -- 6. From Marxism to Neo-Gramscianism -- 7. The British school -- 8. Green and feminist IPE -- Conclusion. a"Theories of international political economy introduces students to the theories that make up the core, semi-periphery, and periphery of the discipline of IPE as it is studied today. Aiming to expose and clarify the differences between the orthodox and the heterodox schools of IPE, esteemed IPE scholar Stéphane Paquin expertly guides students through the fundamental principles at the heart of realist, liberal, domestic politics, Marxist, neo-Gramscian, British school, green, and feminist approaches. Engaging and accessible, this concise introduction equips students with the foundation they need to comprehend and critically assess existing IPE research and to begin forming the theoretical lens through which they will conduct their own analyses" -- aTexto en inglés 7aRelaciones económicas internacionales xFilosofía 7aCompetencia económica  7aEconomía xFilosofía 7aEconomía internacional